Capitals Starting With N - Statistics

General Stats
  • This quiz has been taken 51,908 times
    40,396 since last reset
  • The average score is 6 of 10
Answer Stats
Country Capital City % Correct
Kenya Nairobi
85%
Bahamas Nassau
72%
India New Delhi
68%
Niger Niamey
64%
Burma Naypyidaw
58%
Chad N'Djamena
58%
Mauritania Nouakchott
57%
Cyprus Nicosia
53%
Tonga Nukuʻalofa
53%
Palau Ngerulmud
49%
No matching quizzes found
Score Distribution
Percent of People with Each Score
Percentile by Number Answered
Your Score History
You have not taken this quiz since the last reset